00328nam a2200121Ia 4500008004100000041000800041082001200049100002600061245004500087260003500132300003200167365000700199240624s9999 xx 000 0 und d aeng a657 BHA aBHATTACHARYYA ASISH K aFINANCIAL ACCOUNTING FOR BUSINESS MANAGE c2003aNew DelhibPrentice-Hall aviii, : 487 : p. : cm. ; 26 cRS